000
00285nam a22001337a 4500
008
171124b xxu||||| |||| 00| 0 eng d
020
_a
9781884015939
041
_a
eng
080
_a
61
100
_a
3
101
_a
MIP
245
_a
HOME HEALTH CARE
_c
SPRATT, J.S
942
_2
udc
_c
BK
999
_c
38472
_d
38472